Tisícročná včela

Podrobná bibliografia
Hlavný autor: Jaroš, Peter, 1940- (Autor)
Médium: Článok
Jazyk:slovenčina
Predmet:

MARC

LEADER 00000nab a2200000 a 4500
001 vtls000031127
003 SK-MaSNL
005 20260303163821.0
008 111103c1979 xo 0 slo
015 |a SNBRB19rr/mm-uuuuu 
035 |a CL0041221 
040 |a SNKBUCL  |b slo  |c SNKBUCL  |e AACR2 
041 0 |a slo 
044 |a xo  |c SK 
080 |a 885.4-3  |2 1981 
100 1 |a Jaroš, Peter,  |d 1940-  |4 aut  |9 221581 
245 1 0 |a Tisícročná včela  |c Peter Jaroš 
650 0 7 |a romány historické  |2 snkbucl  |9 403944 
650 0 7 |a murári  |2 snkbucl  |9 30397 
651 7 |a Uhorsko  |2 snkbucl  |9 28673 
655 7 |a články z novín a časopisov  |2 snkbucl  |9 267496 
655 7 |a články z odboru literárna veda a krásna literatúra  |2 snkbucl  |9 770045 
773 0 |t Nové slovo  |g Roč. 21, č. 19 (1979), s. 18-19 
850 |a Slovenská národná knižnica v Martine  |a MTA001 
852 |a SNK  |b KIS3GCP 
958 |a RK 
958 |a LX 
992 |a RBX 
999 |c 2061534  |d 2063464